Chansons d'Hubert-Félix Thiéfaine - Statistiques

Statistiques générales
  • Ce quiz a été pris 28 fois
  • Le résultat moyen est 51 sur 192
Statistiques - réponses
Album Titre % Correct
Tout corps vivant branché sur le secteur étant appelé à s'émouvoir 10 La Fille du coupeur de joints
63%
Suppléments de mensonge 1 La Ruelle des morts
63%
Soleil cherche futur 1 Soleil cherche futur
63%
Soleil cherche futur 2 Lorelei Sebasto Cha
56%
Dernières balises (avant mutation) 3 Mathématiques souterraines
56%
Eros über alles 7 Droïde Song
50%
Tout corps vivant branché sur le secteur étant appelé à s'émouvoir 4 La Maison Borniol
50%
Soleil cherche futur 5 Les Dingues et les Paumés
50%
Géographie du vide 2 Page noire
50%
Autorisation de délirer 11 Alligators 427
44%
Géographie du vide 7 Eux
44%
Tout corps vivant branché sur le secteur étant appelé à s'émouvoir 3 Je t'en remets au vent
44%
Scandale mélancolique 2 Scandale mélancolique
44%
Dernières balises (avant mutation) 1 113e cigarette sans dormir
38%
Géographie du vide 11 Combien de jours encore
38%
Scandale mélancolique 4 Confessions d'un Never Been
38%
Météo für nada 1 Dies olé sparadrap Joey
38%
Météo für nada 9 Errer humanum est
38%
Le Bonheur de la tentation 10 Exercice de simple provocation avec 33 fois le mot coupable
38%
Géographie du vide 4 La fin du roman
38%
De l'amour, de l'art ou du cochon 7 L'Agence des amants de madame Müller
38%
Autorisation de délirer 7 La Queue
38%
Tout corps vivant branché sur le secteur étant appelé à s'émouvoir 1 L'Ascenseur de 22 h 43 (Part.1)
38%
Tout corps vivant branché sur le secteur étant appelé à s'émouvoir 6 L'Ascenseur de 22 h 43 (Part.2)
38%
Géographie du vide 10 L'idiot qu'on a toujours été
38%
Dernières balises (avant mutation) 2 Narcisse 81
38%
Géographie du vide 5 Nuits blanches
38%
Défloration 13 2 Quand la banlieue descendra sur la ville
38%
Géographie du vide 8 Reykjavik
38%
Météo für nada 7 Sweet amanite phalloïde queen
38%
Stratégie de l'inespoir 12 Toboggan
38%
Chroniques bluesymentales 3 Un automne à Tanger (antinoüs nostalgia)
38%
Tout corps vivant branché sur le secteur étant appelé à s'émouvoir 8 22 mai
31%
Météo für nada 5 Affaire Rimbaud
31%
Stratégie de l'inespoir 2 Angélus
31%
Autorisation de délirer 10 Autorisation de délirer
31%
Météo für nada 6 Bipède à Station Verticale
31%
De l'amour, de l'art ou du cochon 5 Comme un chien dans un cimetière
31%
De l'amour, de l'art ou du cochon 6 De l'amour, de l'art ou du cochon
31%
Chroniques bluesymentales 1 Demain les Kids
31%
Autorisation de délirer 8 Dernière station avant l'autoroute
31%
Géographie du vide 1 Du soleil dans ma rue
31%
Géographie du vide 12 Elle danse
31%
Stratégie de l'inespoir 1 En remontant le fleuve
31%
Suppléments de mensonge 2 Fièvre résurrectionnelle
31%
De l'amour, de l'art ou du cochon 2 Groupie 89 Turbo 6
31%
Scandale mélancolique 3 Gynécées
31%
Suppléments de mensonge 7 Infinitives Voiles
31%
Eros über alles 2 Je ne sais plus quoi faire pour te décevoir
31%
Défloration 13 6 Joli mai mois de Marie
31%
Stratégie de l'inespoir 5 Karaganda (Camp 99)
31%
Le Bonheur de la tentation 2 La Ballade d'Abdallah Geronimo Cohen
31%
Tout corps vivant branché sur le secteur étant appelé à s'émouvoir 5 La Cancoillotte
31%
Scandale mélancolique 8 Les Jardins sauvages
31%
Scandale mélancolique 7 L'Étranger dans la glace
31%
Scandale mélancolique 1 Libido Moriendi
31%
De l'amour, de l'art ou du cochon 1 Psychanalyse du singe
31%
Eros über alles 5 Septembre rose
31%
Alambic / Sortie Sud 1 Stalag-Tilt
31%
Stratégie de l'inespoir 4 Stratégie de l'inespoir
31%
Alambic / Sortie Sud 6 Un vendredi 13 à 5.H
31%
Géographie du vide 9 Vers la folie
31%
Eros über alles 1 Was Ist das Rock'n'Roll
31%
Scandale mélancolique 12 When Maurice Meets Alice
31%
Alambic / Sortie Sud 2 Whiskeuses Images Again
31%
La Tentation du bonheur 1 24 Heures dans la nuit d'un faune
25%
Le Bonheur de la tentation 7 27e heure : suite faunesque
25%
Chroniques bluesymentales 5 542 lunes et 7 jours environ
25%
Soleil cherche futur 4 Ad orgasmum æternum
25%
Eros über alles 3 Amants destroy
25%
Fragments d'hébétude 6 Animal en quarantaine
25%
Soleil cherche futur 3 Autoroutes jeudi d'automne
25%
Le Bonheur de la tentation 6 Bouton de rose
25%
Fragments d'hébétude 4 Bruit de bulles
25%
Alambic / Sortie Sud 5 Buenas Noches, Jo
25%
Dernières balises (avant mutation) 6 Cabaret sainte Lilith
25%
Défloration 13 7 Camélia : huile sur toile
25%
Chroniques bluesymentales 4 Caméra terminus
25%
Alambic / Sortie Sud 7 Chambre 2023 (& des poussières)
25%
Autorisation de délirer 2 Court-métrage
25%
Fragments d'hébétude 1 Crépuscule-transfert
25%
La Tentation du bonheur 2 Critique du chapitre 3
25%
Le Bonheur de la tentation 5 Dans quel état terre
25%
La Tentation du bonheur 10 Des adieux .../...
25%
Météo für nada 8 Diogène série 87
25%
Fragments d'hébétude 13 Encore un petit café
25%
Autorisation de délirer 6 Enfermé dans les cabinets
25%
Dernières balises (avant mutation) 9 Exil sur planète-fantôme
25%
Soleil cherche futur 6 Exit to Chatagoune-Goune
25%
Alambic / Sortie Sud 4 Femme de Loth
25%
Stratégie de l'inespoir 3 Fenêtre sur désert
25%
Suppléments de mensonge 4 Garbo XW Machine
25%
Défloration 13 5 Guichet 102
25%
Eros über alles 8 Je suis partout
25%
Fragments d'hébétude 8 Juste une valse noire
25%
Tout corps vivant branché sur le secteur étant appelé à s'émouvoir 9 La Dèche, le twist et le reste
25%
Tout corps vivant branché sur le secteur étant appelé à s'émouvoir 2 La Fin du Saint-Empire romain germanique
25%
Autorisation de délirer 3 La Môme kaléidoscope
25%
De l'amour, de l'art ou du cochon 3 L'Amour mou
25%
La Tentation du bonheur 3 La Nostalgie de Dieu
25%
La Tentation du bonheur 12 La nostalgie de Dieu
25%
La Tentation du bonheur 11 La Philosophie du chaos
25%
Fragments d'hébétude 11 La Terre tremble
25%
Autorisation de délirer 1 La Vierge au Dodge 51
25%
Tout corps vivant branché sur le secteur étant appelé à s'émouvoir 11 Le Chant du fou
25%
Le Bonheur de la tentation 9 Le Chaos de la philosophie
25%
Scandale mélancolique 5 Le Jeu de la folie
25%
Suppléments de mensonge 10 Les Ombres du soir
25%
Autorisation de délirer 4 L'Homme politique, le roll-mops et la cuve à mazout
25%
Suppléments de mensonge 9 Lobotomie Sporting Club
25%
Fragments d'hébétude 10 Maalox Texas Blues
25%
Stratégie de l'inespoir 10 Médiocratie
25%
Le Bonheur de la tentation 4 Méthode de dissection du pigeon à Zone-la-Ville
25%
Chroniques bluesymentales 8 Misty Dog In Love
25%
La Tentation du bonheur 7 Mojo, dépanneur TV (1948-2023)
25%
Stratégie de l'inespoir 6 Mytilène Island
25%
Météo für nada 4 Narine narchande
25%
Alambic / Sortie Sud 3 Nyctalopus Airline
25%
Défloration 13 8 Parano-safari en ego-trip-transit (ou comment plumer son ange-gardien)
25%
Dernières balises (avant mutation) 7 Photographie-tendresse
25%
Chroniques bluesymentales 2 Pogo sur la Deadline
25%
Chroniques bluesymentales 7 Portrait de femme en 1922
25%
Météo für nada 3 Precox ejaculator
25%
Tout corps vivant branché sur le secteur étant appelé à s'émouvoir 7 Première descente aux enfers par la face nord
25%
Géographie du vide 6 Prière pour Ba'al Azabab
25%
La Tentation du bonheur 9 Psychopompes / Métempsychose & sportswear
25%
Eros über alles 4 Pulque mescal y tequila
25%
Suppléments de mensonge 11 Québec November Hotel
25%
Dernières balises (avant mutation) 10 Redescente climatisée
25%
Stratégie de l'inespoir 7 Résilience zéro
25%
Stratégie de l'inespoir 11 Retour à Célingrad
25%
Le Bonheur de la tentation 1 Retour vers la lune noire
25%
Autorisation de délirer 9 Rock autopsie
25%
Soleil cherche futur 7 Rock joyeux
25%
Défloration 13 10 Roots & Déroutes + Croisement
25%
Dernières balises (avant mutation) 5 Scènes de panique tranquille
25%
De l'amour, de l'art ou du cochon 4 Scorbut
25%
La Tentation du bonheur 6 Sentiments numériques revisités
25%
Fragments d'hébétude 7 Série de 7 rêves en crash position
25%
Soleil cherche futur 8 Solexine et Ganja
25%
Eros über alles 6 Syndrome albatros
25%
Suppléments de mensonge 8 Ta vamp orchidoclaste
25%
Dernières balises (avant mutation) 4 Taxiphonant d'un pack de Kro
25%
Scandale mélancolique 9 Télégramme 2003
25%
Fragments d'hébétude 14 Terrien, t'es rien
25%
La Tentation du bonheur 5 Tita dong-dong song
25%
Suppléments de mensonge 3 Trois poèmes pour Annabel Lee
25%
Défloration 13 1 Une ambulance pour Elmo Lewis
25%
Dernières balises (avant mutation) 8 Une fille au rhésus négatif
25%
Autorisation de délirer 5 Variations autour du complexe d'Icare
25%
De l'amour, de l'art ou du cochon 8 Vendôme Gardenal snack
25%
Chroniques bluesymentales 9 Villes natales et frenchitude
25%
Météo für nada 2 Zone chaude, môme
25%
Chroniques bluesymentales 6 Zoo zumains zébus
25%
Stratégie de l'inespoir 9 Amour désaffecté
19%
Amicalement blues 7 Distance
19%
Défloration 13 9 Eloge de la tristesse
19%
Le Bonheur de la tentation 8 Eurydice nonante sept
19%
Fragments d'hébétude 5 Fin de partie
19%
Géographie du vide 3 Fotheringhay 1587
19%
Scandale mélancolique 11 La Nuit de la Samain
19%
Scandale mélancolique 6 Last Exit to Paradise
19%
Défloration 13 11 Les Fastes de la solitude
19%
Suppléments de mensonge 12 Les Filles du sud
19%
Fragments d'hébétude 2 Les Mouches bleues
19%
Défloration 13 3 Le Touquet Juillet 1925
19%
Scandale mélancolique 10 Loin des temples en marbre de lune
19%
Stratégie de l'inespoir 8 Lubies sentimentales
19%
La Tentation du bonheur 4 Orphée nonante huit
19%
Stratégie de l'inespoir 13 Père et fils
19%
Suppléments de mensonge 5 Petit matin, 4.10, heure d'été
19%
Scandale mélancolique 13 That Angry Man on the Pier
19%
Fragments d'hébétude 12 Une provinciale de petite bourgeoisie
19%
Défloration 13 4 Also Sprach Winnie l'Ourson
13%
Suppléments de mensonge 6 Compartiment C voiture 293 Edward Hopper 1938
13%
La Tentation du bonheur 8 Copyright apéro mundi
13%
Le Bonheur de la tentation 3 Empreintes sur négatif
13%
Fragments d'hébétude 3 Est-ce ta première fin de millénaire ?
13%
Le Bonheur de la tentation 11 Final Abdallah
13%
Fragments d'hébétude 9 Paranoïd Game
13%
Amicalement blues 10 Photographie d'un rêveur
13%
Amicalement blues 11 Your Terraplane is ready, Mister Bob
13%
Amicalement blues 1 Avenue de l'amour
6%
Amicalement blues 3 Amant sous contrôle
0%
Amicalement blues 2 Émeute émotionnelle
0%
Amicalement blues 12 Juste avant l'enfer
0%
Amicalement blues 5 L'appel de la forêt
0%
Amicalement blues 6 Les douceurs de la vengeance
0%
Amicalement blues 13 Le vieux bluesman et la bimbo
0%
Amicalement blues 8 Rendez-vous au dernier carrefour
0%
Amicalement blues 9 Special ado SMS blues
0%
Amicalement blues 4 Strindberg 2007
0%
Aucun quiz correspondant
Distribution des résultats
% des personnes avec chaque résultat
Percentile par nombre de réponses
Votre historique - résultats
Vous n’avez pas pris ce quiz